| 000 | 01828nam2a2200289 4500 | ||
|---|---|---|---|
| 001 | RU\NLR\BIBL_A\012323287 | ||
| 005 | 20250624015217.0 | ||
| 035 | _a(NLR Aleph) 012323287 | ||
| 090 |
_a11432986 _c11432986 |
||
| 100 | _a20200828d1907 |||y0rusy50 ca | ||
| 101 | 0 | _arus | |
| 102 | _aRU | ||
| 105 | _ay ||||||||| | ||
| 135 | _acrbn 001anaba | ||
| 200 | 0 | _aГ. 20 1907, № 20 | |
| 210 |
_d1907 _aБ. м. |
||
| 325 | 1 | _aКопия доступна в электронной библиотеке РНБ | |
| 421 | 1 |
_12001#$aОтчет о состоянии и деятельности Братства святого апостола и евангелиста Иоанна Богослова при Архангельской духовной семинарии за 1906-907 год _1210##$a[Архангельск$d1907] _1309##$aПрипл. _tОтчет о состоянии и деятельности Братства святого апостола и евангелиста Иоанна Богослова при Архангельской духовной семинарии за 1906-907 год |
|
| 461 | 0 |
_1001RU\NLR\INFOCOMM10\1000082947 _12001#$aАрхангельские епархиальные ведомости$vГ. 20 1907, № 20 _92486697 _c[Архангельск] _d1885- _tАрхангельские епархиальные ведомости _vГ. 20 1907, № 20 |
|
| 852 |
_aNLR _j5/1 |
||
| 901 | _eЖурналы | ||
| 942 | _cISSUE | ||
| 980 | _aNB | ||
| 980 | _aRUSPER | ||
| 981 | 3 | 6 | _a(36) Цифровой репозиторий РНБ |
| 981 | 1 | 5 |
_a(15) Епархиальные ведомости _b(15) Архангельские епархиальные ведомости |